Online Catalogue and eLibrary

Mirrors & Gestures (Record no. 3376)

MARC details
000 -LEADER
fixed length control field 00582nam a2200157Ia 4500
005 - DATE AND TIME OF LATEST TRANSACTION
control field 20241218003843.0
008 - FIXED-LENGTH DATA ELEMENTS--GENERAL INFORMATION
fixed length control field 240331s9999 xx 000 0 und d
020 ## - INTERNATIONAL STANDARD BOOK NUMBER
ISBN 8186706151
082 ## - DDC Classification
Item Number - Author Mark LAK
Class No. 891.48
100 ## - MAIN ENTRY--PERSONAL NAME
Personal name Lakshmi, C.S
245 #0 - TITLE STATEMENT
Title Mirrors & Gestures
Remainder of title Seven Seas & Seven Mountains
260 ## - PUBLICATION, DISTRIBUTION, ETC.
Place of publication, distribution, etc. New Delhi
Name of publisher, distributor, etc. Kali for Women
Date of publication, distribution, etc. 2003
300 ## - PHYSICAL DESCRIPTION
Extent (e.g. Volumes, Pages etc.) liii, 472 P .,
500 ## - GENERAL NOTE
General note Mirrors & Gestures Conversations with Women Dancers is the second of C.S. Lakshmi's three volumes of Detailed interviews with notable women musicians, dancers, and painters in India.
942 ## - Koha item type (Biblio)
Koha item type Books in Stacks (Lending)
Holdings
Lost status Damaged status Collection code Home library Current library Shelving location Date acquired Full call number Accession Number Item type
    Lending WERC Library WERC Library Social Science Cupboard 03/31/2024 891.48 LAK 5475 Books in Stacks (Lending)

© WERC Library